Die handschriftlichen Pommernkarten im 18. Jahrhundert

Titel: Die handschriftlichen Pommernkarten im 18. Jahrhundert
Verfasser:
In: Pommern, (1996), Seite 208-233
alle Artikel anzeigen
Veröffentlicht: 1996
Format: Aufsatz
Sprache: Deutsch
Kein Bild verfügbar
X
alg: 39162163
001A    $01999:11-11-16 
001B    $01999:29-03-21 $t21:45:38.000 
001D    $01999:11-11-16 
001U    $0utf8 
001X    $00 
002@    $0Aox 
003@    $0391621637 
007A    $0391621637 $aHEB 
007T    $0Herd08719 
010@    $ager 
011@    $a1996 
021A    $aDie @handschriftlichen Pommernkarten im 18. Jahrhundert 
028A    $aStelmach $dMieczysław 
031A    $h208-233 $j1996 
039B    $aIn $8--Aau--. Pommern. - Greifswald : Steinbecker Verl. Rose, 1996. - 468 S.. - Ill., Kt.. - ISBN 3-931483-08-8 $x199600000000000792 $9050939963 
045F    $a911.43816 $eDDC23BSB 
045F/01 $a911 
045F/03 $g43816 

lok: 39162163 78

exp: 39162163 78 1 #EPN
201B/01 $019-04-17 $t10:18:18.000 
201U/01 $0utf8 
203@/01 $0787716065 
208@/01 $a11-11-16 $be 
209A/01 $a/ $f000 $x00 
220C/01 $aTitelaufnehmer: nk 
244Z/01 $2Trx $#Pomeranija $#Pommern $#Pomoransko $#Pomořansko $#Hinterpommern;Vorpommern;Mittelpommern $#Pomorze Środkowe;Pomorze Przednie $#Pomořansko;Západní Pomořany; Pomořany $8--Trx--Pomorze Zachodnie $x01 $9391303775 
244Z/01 $aGeschichte 1653-1786 $x02 
244Z/01 $2Trx $#maakaardid $#žemėlapiai $#Maps $#térképek $#mapy $#mapy $#mapy $#Karten $8--Trx--Landkarten $x03 $9391371460 
244Z/01 $2Trx $#kartograafid $#kartografai $#cartographers $#kartográfusok $#kartografowie $#kartografi $#kartografové $8--Trx--Kartographen $x04 $9391365975 
244Z/01 $2Trx $8--Trx--Einzelbeiträge $x05 $9391384570 
245Z/01 $a04.08 $x01 
247C/01 $82080>Marburg/Lahn, Herder-Institut, Forschungsbibliothek, Bibliographieportal $9336309341
LEADER 00000caa a22000002c 4500
001 391621637
003 DE-603
005 20210329214538.0
007 tu
008 161111s1996 xx |||| | u00||u|ger c
035 |a (DE-599)HEB391621637 
040 |a DE-603  |b ger  |c DE-603  |d DE-603 
041 |a ger 
082 0 4 |8 1\u  |a 911.43816  |q DE-101  |2 23/BSB 
085 |8 1\u  |b 911 
085 |8 1\u  |z 2  |s 43816 
100 1 |a Stelmach, Mieczysław 
245 0 0 |a ˜Dieœ handschriftlichen Pommernkarten im 18. Jahrhundert 
264 0 |c 1996 
773 0 8 |i In  |t Pommern  |d Greifswald : Steinbecker Verl. Rose, 1996  |h 468 S., Ill., Kt.  |z 3931483088  |g (1996), Seite 208-233  |w (DE-603)050939963 
924 0 |9 2080  |a (DE-603)787716065  |b DE-2080  |c HES  |d d  |g /